Norma učebníc pre školy pre mládež vyžadujúcu osobitnú starostlivosť na školský rok 1977/78

Podrobná bibliografia
Hlavný autor: Ďurišová, Zuzana (Autor)
Médium: Kniha
Jazyk:slovenčina
Fyzický popis:12 s. 29 cm
Vydavateľské údaje: Bratislava Slovenské pedagogické nakladateľstvo 1977
Vydanie:[1.] vyd.
Predmet:

MARC

LEADER 00000cam a2200000 a 4500
001 vtls001105418
003 SK-MaSNL
005 20260302014109.0
008 240318s1977 xo f 00000 slo
015 |a SNBA1977 
020 |q (brož.) 
035 |a SNK000048260 
040 |a SNK  |b slo  |c SNK  |e AACR2 
041 0 |a slo 
044 |a xo  |c SK 
080 |a 376.2/.4:371.671(083.8)  |2 1981 
080 |a 371.671(083.8)  |2 1981 
080 |a 371.671  |2 1981 
080 |a 376.2/.4(083.8)  |2 1981 
100 1 |a Ďurišová, Zuzana  |4 aut  |9 279539 
245 1 0 |a Norma učebníc pre školy pre mládež vyžadujúcu osobitnú starostlivosť  |b na školský rok 1977/78  |c Zuzana Ďurišová 
250 0 7 |a [1.] vyd. 
260 |a Bratislava  |b Slovenské pedagogické nakladateľstvo  |c 1977 
300 |a 12 s.  |c 29 cm 
500 |a Vyd. pre Ústav školských infomácií v Bratislave 
504 |a Bibliogr. odkazy 
648 7 |a 1977-1978  |2 SNKPH  |9 279540 
650 0 7 |a špeciálne školy  |2 SNKPH  |9 60361 
650 0 7 |a učebnice  |2 SNKPH  |9 74147 
655 7 |a zoznamy  |2 SNKPH  |9 29645 
958 |a OND 
958 |a NB 
999 |c 1015599  |d 1017529 
952 |a SNK  |b SNK  |y PREZ  |7 0  |p 17A0943015  |o snkSB 25172  |i snkKSP 3904/77  |0 0  |1 0  |4 0  |d 2014-06-30  |f 1  |l 0  |r 2025-03-31 00:00:00  |w 2026-02-24